Les plus gros partenaires commerciaux - Cuba - Statistiques

Statistiques générales
  • Ce quiz a été pris 110 fois
  • Le résultat moyen est 15 sur 23
Statistiques - réponses
exportations importations pays % Correct
180 mil Etats-Unis
99%
28.3 mil 163 mil France
99%
50.7 mil 514 mil Brésil
97%
364 mil 1884 mil Chine
96%
139 mil 1070 mil Espagne
95%
356 mil Mexique
95%
48.4 mil 85.3 mil Russie
94%
407 mil 387 mil Canada
92%
27.4 mil Royaume-Uni
91%
276 mil Argentine
88%
368 mil Italie
87%
45.9 mil 286 mil Allemagne
86%
29.7 mil Portugal
72%
53.5 mil 74.6 mil Belgique
71%
162 mil 166 mil Pays-Bas
70%
32.7 mil Suisse
63%
281 mil Panama
56%
155 mil Algérie
46%
27.3 mil Finlande
20%
59.8 mil Nouvelle-Zélande
11%
31.0 mil Biélorussie
9%
44.8 mil Croatie
4%
42.1 mil Chypre
1%
Aucun quiz correspondant
Distribution des résultats
% des personnes avec chaque résultat
Percentile par nombre de réponses
Votre historique - résultats
Vous n’avez pas pris ce quiz